000 01316nam a22002417a 4500
999 _c6448
_d6448
005 20200207152104.0
008 200207b2001 ck a||||r|||| 00| 1 spa d
020 _a9580454132
040 _aCO-JMCR
_cCO-JMCR
041 _aspa
_heng
082 _aC /
_bZOEm
100 1 _aZoehfeld, Katleen W.,
_eautor
_9250
245 1 3 _aMi primer cuento de Winnie pooh :
_bLa mudanza de Tigger /
_cKathleen W. Zoehfeld ; Ilustraciones de Robbin Cuddy ; traducción de Cristina Aparicio
260 _aColombia :
_bNorma,
_c2001
300 _a[29] páginas :
_bilustraciones a color ;
_c22 X 22 cm.
520 _a¡oh, no! ¡La casa de Tigger se ha vuelto demasiado pequeña para él! Cuando salta, tumba todo. Conejo tiene la solución perfecta: Tigger tendrá que mudarse a otra casa. Pero la mudanza le causa muchas dudas. ¿Será que Rito todavía irá a jugar a la casa de Tigger? ¿Y qué Tigger podrá quedarse con todas sus cosas preferidas? Todos los miedos de Tigger finalmente desaparecen en este cuento sobre un asunto que le preocupa muchísimo.
546 _atraducido del inglés
_beng
650 1 4 _9251
650 1 4 _9252
700 1 _aCuddy, Robbin,
_9253
700 1 _aAparicio, Cristina,
_9254